Hole's essentials of human anatomy and physiology

Designed for the one-semester anatomy and physiology course, Hole's Essentials of Human Anatomy and Physiology assumes no prior science knowledge and supports core topics with clinical applications, making difficult concepts relevant to students pursuing careers in the allied health field. The...

Ful tanımlama

Kaydedildi:
Detaylı Bibliyografya
Yazar: Shier, David
Materyal Türü: Kitap
Dil:Undetermined
Baskı/Yayın Bilgisi: Boston McGraw-Hill 2003
Konular:
Etiketler: Etiketle
Etiket eklenmemiş, İlk siz ekleyin!
Thư viện lưu trữ: Trung tâm Học liệu Trường Đại học Cần Thơ
LEADER 01055nam a2200205Ia 4500
001 CTU_137587
008 210402s9999 xx 000 0 und d
020 |c 105.4 
082 |a 612 
082 |b S555 
100 |a Shier, David 
245 0 |a Hole's essentials of human anatomy and physiology 
245 0 |c David Shier, Jackie Butler, Ricki Lewis 
260 |a Boston 
260 |b McGraw-Hill 
260 |c 2003 
520 |a Designed for the one-semester anatomy and physiology course, Hole's Essentials of Human Anatomy and Physiology assumes no prior science knowledge and supports core topics with clinical applications, making difficult concepts relevant to students pursuing careers in the allied health field. The unparalleled teaching system is highly effective in providing students with a solid understanding of the important concepts in anatomy and physiology. 
650 |a Human physiology,Human anatomy,Cơ thể người,Giải phẩu người 
904 |i Giang 
980 |a Trung tâm Học liệu Trường Đại học Cần Thơ